Már ne húzni, engedni kelljen a nadrágszíjon Dr. Sárközy Klára, az MKP képviselőjelöltje

Bibliographic Details
Main Author: Sárközy, Klára, 1953- (Author)
Format: Article
Language:Hungarian
PhysicalDescription:Fotogr.
ISSN:1335-6631
Subjects:

MARC

LEADER 00000nab a2200000 ar4500
001 vtls008836821
003 SK-MaSNL
005 20260318133117.0
008 060726c2006 xo |||||||| 000 b|hun
015 |a SNBRB2006/07  |2 snkbucl 
038 |a SNKBUCL 
040 |a DSZK  |b slo  |c DSZK  |e AACR2 
041 0 |a hun 
044 |a xo  |c SK 
080 |a 329.4  |x (437.6)  |x (=511.141)  |b SMK  |2 1997 
080 |a 323  |x (437.6)  |2 1997 
080 |a 342.849.2  |x (437.6)  |2 1997 
080 |a 329:342.53  |x (437.6)  |2 1997 
245 0 0 |a Már ne húzni, engedni kelljen a nadrágszíjon  |b Dr. Sárközy Klára, az MKP képviselőjelöltje  |c [szerző] (SZG) 
300 |b Fotogr. 
610 2 7 |a Strana maďarskej koalície - Magyar Koalíció Pártja  |2 snkbucl  |9 229268 
650 0 7 |a parlamentné voľby  |z Slovensko  |y 2006  |2 snkbucl  |9 1056703 
655 7 |a rozhovory  |2 snkbucl  |9 31831 
700 1 |a Sárközy, Klára,  |d 1953-  |4 ive  |4 aut  |9 238529 
773 0 |t Szabad újság  |g Évf. XIV, sz. 24 (2006), o. 4  |x 1335-6631 
852 |a SNK  |b KIS3GCP 
852 |a DSZK  |b KIS3GCP 
958 |a HU 
958 |a SK 
999 |c 2099331  |d 2101261